| 000 | 00434cam a22001577a 4500 | ||
|---|---|---|---|
| 008 | 180718b1994 xxu||||| |||| 00| 0 eng d | ||
| 020 | _a0335192998 | ||
| 082 | _aB253 Ar16 | ||
| 100 | _aArblaster, Anthony | ||
| 245 |
_aDemocracy _cby Anthony Arblaster |
||
| 250 | _a2nd edn. | ||
| 260 |
_aBuckingham _bOpen University Press _c1994 |
||
| 300 | _a117p. | ||
| 650 | _aAcademic freedom -- United Kingdom | ||
| 650 | _aArblaster, Anthony | ||
| 999 |
_c376666 _d376666 |
||